Statistiques concernant Jeux vidéo

Cliquez ici pour prendre le quiz!

Statistiques générales

  • Ce quiz a été pris 374 fois
  • Le résultat moyen est 12 sur 15

Statistiques - réponses

QuestionsRéponse% Correct
Un petit plombier rouge qui doit sauver la princesse.Mario
99%
Un petit hérisson bleu très rapide.Sonic
99%
La plus célébre des franchises de jeu de football.Fifa
97%
Le jeu porte le nom de la princesse que le héros, link, doit sauver.Zelda
92%
Une petite boule jaune, poursuivie par des fantomes.Pacman
91%
Un célébre gorille, souvent accompagner de tonneau.Donkey Kong
87%
Un célébre jeu de Battleroyal, ou il faut trouver le meilleur équipement possible afin d'être le dernier survivant des 100 joueurs.Fortnite
87%
Le héros doit tous les attraper pour devenir un maitre !Pokémon
86%
Vous êtes un petit personnage dans un village, ou vos voisins sont des animaux, et Tom Nook, le commercant.Animal Crossing
81%
Un jeu qui mélange football et voiture, ou vous jouer dans un dome seul ou en équipe de 2 ou 3.Rocket league
81%
Vous devez enfilez des briques, afin de faire des lignes.Tétris
80%
Un jeu de simulation de vie, ou l'on peut construire et agrandir sa maison, tout en interragissant avec le voisinage.Les sims
62%
Une jeune aventurière Britannique, qui recherche des trésors et résout des énigmes.Tomb Raider
57%
Les héros doivent survivrent dans une ville envahis par les zombies, crée par "Umbrella Corporation".Résident Evil
50%
Un jeu de combat, sorti sur Playstation, avec des personnages comme Yoshimitsu, King ou Eddy.Tekken
48%

Distribution des résultats

Percentile par nombre de réponses

% des personnes avec chaque résultat

Votre développement - résultats

Vous n’avez pas pris ce quiz